000
00275nam a2200109Ia 4500
008
190216s9999||||xx |||||||||||||| ||und||
100
_a
Robert A Alberty & Robert J Silbey
245
0
_a
Physical Chemistry
260
_b
John Wiley & Sons
_c
1992
300
_a
898
942
_c
BK
999
_c
2645
_d
2645